The Art of dispensing : (Record no. 5795)

000 -LEADER
fixed length control field 01058nam a22003372 4500
001 - CONTROL NUMBER
control field 012803822
003 - CONTROL NUMBER IDENTIFIER
control field UkOxU
005 - DATE AND TIME OF LATEST TRANSACTION
control field 20220622120549.0
008 - FIXED-LENGTH DATA ELEMENTS--GENERAL INFORMATION
fixed length control field 850404s1953 enka b 001 0 eng d
015 ## - NATIONAL BIBLIOGRAPHY NUMBER
National bibliography number GB53-10268
020 ## - INTERNATIONAL STANDARD BOOK NUMBER
International Standard Book Number -
035 ## - SYSTEM CONTROL NUMBER
System control number OCLC ocm11884675 from D970804M
040 ## - CATALOGING SOURCE
Original cataloging agency MDU
Transcribing agency MDU
Modifying agency UKM
-- EQO
050 ## - LIBRARY OF CONGRESS CALL NUMBER
Classification number CB415
Item number .A78 1953
082 04 - DEWEY DECIMAL CLASSIFICATION NUMBER
Classification number 615.4
Edition number 18
090 ## - LOCALLY ASSIGNED LC-TYPE CALL NUMBER (OCLC); LOCAL CALL NUMBER (RLIN)
Classification number (OCLC) (R) ; Classification number, CALL (RLIN) (NR) RS91
Local cutter number (OCLC) ; Book number/undivided call number, CALL (RLIN) .C42 1953
245 04 - TITLE STATEMENT
Title The Art of dispensing :
Remainder of title a treatise on the methods and processes involved in dispensing medical prescriptions.
250 ## - EDITION STATEMENT
Edition statement 12th ed.
260 ## - PUBLICATION, DISTRIBUTION, ETC.
Place of publication, distribution, etc. London :
Name of publisher, distributor, etc. The Chemist and Druggist,
Date of publication, distribution, etc. 1953.
300 ## - PHYSICAL DESCRIPTION
Extent 504 p. :
Other physical details ill. ;
Dimensions 19 cm.
490 1# - SERIES STATEMENT
Series statement Chemist and druggist series.
500 ## - GENERAL NOTE
General note Includes index.
504 ## - BIBLIOGRAPHY, ETC. NOTE
Bibliography, etc. note Bibliography: p. [471]-472.
650 #0 - SUBJECT ADDED ENTRY--TOPICAL TERM
Topical term or geographic name entry element Dispensatories.
650 #0 - SUBJECT ADDED ENTRY--TOPICAL TERM
Topical term or geographic name entry element Pharmacy.
650 #0 - SUBJECT ADDED ENTRY--TOPICAL TERM
Topical term or geographic name entry element Medicine
Form subdivision Formulae, receipts, prescriptions.
730 0# - ADDED ENTRY--UNIFORM TITLE
Uniform title Chemist and druggist.
830 #0 - SERIES ADDED ENTRY--UNIFORM TITLE
Uniform title Chemist and druggist series.
942 ## - ADDED ENTRY ELEMENTS (KOHA)
Source of classification or shelving scheme
Koha item type Book
Suppress in OPAC JO
Holdings
Withdrawn status Lost status Source of classification or shelving scheme Damaged status Not for loan Permanent Location Current Location Shelving location Date acquired Source of acquisition Total Checkouts Full call number Barcode Date last seen Price effective from Koha item type Public note
          AU LIBRARY AU LIBRARY Open Shelf 22.06.2022 DONATION FROM MOI UNIVERSITY   CB415 .A78 1953 28007892 22.06.2022 22.06.2022 Book JO

Powered by Koha